| 000 | 01110nam a2200277 a 4500 | ||
|---|---|---|---|
| 001 | 55366 | ||
| 003 | BD-TJUL | ||
| 005 | 20211209080244.0 | ||
| 008 | 161116s1970 enk bs 000 0 eng | ||
| 020 | _a0521077192 | ||
| 035 | _a(BD-TJUL)55488 | ||
| 040 |
_aDLC _cDLC _dm.c _dBD-TJUL _beng |
||
| 041 | _aeng | ||
| 082 |
_223 _a339.0942 _bBOA 1970 |
||
| 100 | 1 |
_aBowers, J. K. _q(John Kenneth), _d1938- _9164927 |
|
| 245 | 1 | 4 |
_aThe Anatomy of Regional Activity Rates : _bRegional Social Accounts for the United Kingdom / _cby John Bowers; by V.H.Woodward, with a foreword by A.J.Brown |
| 260 |
_aCambridge : _bUniversity Press, _c1970 |
||
| 300 |
_axiv, 176 p. ; _c23 cm |
||
| 504 | _aIncludes bibliographical references | ||
| 650 | 0 |
_aNational income _zGreat Britain _9139249 |
|
| 650 | 0 |
_aGross national product _zGreat Britain _9164928 |
|
| 700 | 1 | 2 |
_aWoodward, V. H. _tRegional social accounts for the United Kingdom. 1970. _9164929 |
| 740 | 0 | _aRegional social accounts for the United Kingdom | |
| 830 | 0 |
_aRegional papers (National Institute of Economic and Social Research) ; _v1 _9164933 |
|
| 942 |
_2ddc _cBK |
||
| 999 |
_c55366 _d55366 |
||